| 000 | 00572cam a22002053a 4500 | ||
|---|---|---|---|
| 001 | 44436 | ||
| 003 | PGUSA | ||
| 005 | 20140828084020.0 | ||
| 008 | 131215s2013||||xxu|||||s|||||000 | eng d | ||
| 040 |
_aPGUSA _beng |
||
| 042 | _adc | ||
| 100 | 1 | _aRubiner, Ludwig | |
| 245 | 1 | 0 |
_aDas himmlische Licht : _bGedichte _h[electronic resource] / _cLudwig Rubiner |
| 260 |
_bProject Gutenberg, _c2013 |
||
| 506 | _aPublic domain in the USA. | ||
| 516 | _aElectronic text | ||
| 830 | 0 |
_aProject Gutenberg _v44436 |
|
| 856 | 4 | 0 | _uhttp://www.gutenberg.org/ebooks/44436 |
| 942 | _cEB | ||
| 999 |
_c273687 _d273687 |
||